<?xml version="1.0" encoding="UTF-8"?>
<record
    xmlns:xsi="http://www.w3.org/2001/XMLSchema-instance"
    xsi:schemaLocation="http://www.loc.gov/MARC21/slim http://www.loc.gov/standards/marcxml/schema/MARC21slim.xsd"
    xmlns="http://www.loc.gov/MARC21/slim">

  <leader>00635nam a22001817a 4500</leader>
  <controlfield tag="003">OSt</controlfield>
  <controlfield tag="005">20120302151304.0</controlfield>
  <controlfield tag="008">091021t        xxu||||| |||| 00| 0 eng d</controlfield>
  <datafield tag="035" ind1=" " ind2=" ">
    <subfield code="a">&#x967;&#x96B;&#x96B;&#x96F;&#x969;</subfield>
  </datafield>
  <datafield tag="040" ind1=" " ind2=" ">
    <subfield code="c">&#x92E;&#x930;&#x93E;&#x920;&#x940;</subfield>
  </datafield>
  <datafield tag="100" ind1=" " ind2=" ">
    <subfield code="a">&#x91C;&#x94B;&#x936;&#x940;, &#x926;. &#x926;&#x93E;.  </subfield>
    <subfield code="9">9430</subfield>
  </datafield>
  <datafield tag="222" ind1=" " ind2=" ">
    <subfield code="a">&#x915;&#x94D;&#x930;&#x93E;&#x902;&#x924;&#x93F;&#x915;&#x93E;&#x930;&#x915;/ &#x926;&#x947;&#x936;&#x92D;&#x915;&#x94D;&#x924;/ &#x91A;&#x930;&#x93F;&#x924;&#x94D;&#x930;  </subfield>
  </datafield>
  <datafield tag="245" ind1=" " ind2=" ">
    <subfield code="a">&#x915;&#x94D;&#x930;&#x93E;&#x902;&#x924;&#x93F;&#x915;&#x93E;&#x930;&#x915;&#x93E;&#x902;&#x91A;&#x94D;&#x92F;&#x93E; &#x915;&#x925;&#x93E; (&#x92D;&#x93E;&#x917; &#x968; &#x930;&#x93E;)</subfield>
  </datafield>
  <datafield tag="250" ind1=" " ind2=" ">
    <subfield code="a">&#x967; &#x932;&#x940;</subfield>
  </datafield>
  <datafield tag="260" ind1=" " ind2=" ">
    <subfield code="a">&#x92E;&#x941;&#x902;&#x92C;&#x908; </subfield>
    <subfield code="b">&#x92E;&#x945;&#x91C;&#x947;&#x938;&#x94D;&#x91F;&#x93F;&#x915;</subfield>
    <subfield code="c">&#x967;&#x96F;&#x96E;&#x96F;</subfield>
  </datafield>
  <datafield tag="300" ind1=" " ind2=" ">
    <subfield code="b">&#x967;&#x96D;&#x967; &#x92A;&#x93E;&#x928;&#x947; </subfield>
  </datafield>
  <datafield tag="942" ind1=" " ind2=" ">
    <subfield code="2">ddc</subfield>
    <subfield code="c">BOOK</subfield>
  </datafield>
  <datafield tag="999" ind1=" " ind2=" ">
    <subfield code="c">494209</subfield>
    <subfield code="d">494206</subfield>
  </datafield>
</record>
